TABUADA DO 16 - Statistics

Estatísticas Gerais
  • Esse quiz foi jogado 77 vezes
  • A pontuação média é 20 de 21
Estatísticas das Respostas
Hint Resposta % Correto
16x0 0
100%
16x1 16
100%
16x2 32
100%
16x3 48
100%
16x4 64
100%
16x5 80
98%
16x6 96
98%
16x7 112
95%
16x8 128
93%
16x9 144
93%
16x10 160
93%
16x20 320
91%
16x11 176
90%
16x12 192
90%
16x13 208
90%
16x14 224
90%
16x15 240
90%
16x18 288
90%
16x16 256
88%
16x17 272
88%
16x19 304
88%
Nenhum quiz correspondente encontrado
Distribuição das Pontuações
Porcentagem de Pessoas com Cada Pontuação
Percentil de Números Respondidos
Sua Pontuação Histórica
Você não jogou esse quiz